Stark Effect in Charge–Dyon System; Theoretical and Mathematical Physics; Vol. 140, iss. 1

Бібліографічні деталі
Parent link:Theoretical and Mathematical Physics: Scientific Journal
Vol. 140, iss. 1.— 2004.— [P. 958-964]
Автор: Mardoyan L. G.
Інші автори: Nersessian A. P. Armen Petrosovich, Petrosyan M. G.
Резюме:Title screen
We consider the linear Stark effect in the MIC–Kepler problem describing the interaction of a charged particle with a Dirac dyon and show that a constant homogeneous electric field completely removes the degeneracy of energy levels with respect to the azimuthal quantum number.
Режим доступа: по договору с организацией-держателем ресурса
Мова:Англійська
Опубліковано: 2004
Предмети:
Онлайн доступ:http://dx.doi.org/10.1023/B:TAMP.0000033032.20685.60
Формат: MixedMaterials Електронний ресурс Частина з книги
KOHA link:https://koha.lib.tpu.ru/cgi-bin/koha/opac-detail.pl?biblionumber=641587

MARC

LEADER 00000naa0a2200000 4500
001 641587
005 20250331114809.0
035 |a (RuTPU)RU\TPU\network\6504 
035 |a RU\TPU\network\6503 
090 |a 641587 
100 |a 20150522d2008 k||y0rusy50 ba 
101 0 |a eng 
102 |a US 
135 |a drcn ---uucaa 
181 0 |a i  
182 0 |a b 
200 1 |a Stark Effect in Charge–Dyon System  |f L. G. Mardoyan, A. P. Nersessian, M. G. Petrosyan 
203 |a Text  |c electronic 
300 |a Title screen 
320 |a [References: p. 964 (14 tit.)] 
330 |a We consider the linear Stark effect in the MIC–Kepler problem describing the interaction of a charged particle with a Dirac dyon and show that a constant homogeneous electric field completely removes the degeneracy of energy levels with respect to the azimuthal quantum number. 
333 |a Режим доступа: по договору с организацией-держателем ресурса 
461 |t Theoretical and Mathematical Physics  |o Scientific Journal 
463 |t Vol. 140, iss. 1  |v [P. 958-964]  |d 2004 
610 1 |a электронный ресурс 
610 1 |a труды учёных ТПУ 
700 1 |a Mardoyan  |b L. G. 
701 1 |a Nersessian  |b A. P.  |c physicist  |c Professor of Tomsk Polytechnic University  |f 1964-  |g Armen Petrosovich  |3 (RuTPU)RU\TPU\pers\34605  |9 17967 
701 1 |a Petrosyan  |b M. G. 
801 2 |a RU  |b 63413507  |c 20180305  |g RCR 
856 4 |u http://dx.doi.org/10.1023/B:TAMP.0000033032.20685.60 
942 |c CF